000
00323nam a2200133Ia 4500
008
150201s2008 xx 000 0 und d
082
_a
610
_b
M08C
100
_a
CONTE,JOHN
245
_a
THE JOHN HOPKINS MANUAL OF CARDIAC SURGICAL CARE
250
_a
2ND
260
_b
ELSEVIER
_c
2008
650
_a
SURGERY
942
_2
ddc
_c
BK
999
_c
1202
_d
1202